25 biggest cities in Germany by flags - Statistics

General Stats
  • This quiz has been taken 75 times
  • The average score is 13 of 25
Answer Stats
Picture Answer % Correct
Berlin
100%
Hamburg
87%
Cologne
81%
Munich
81%
Stuttgart
79%
Frankfurt
75%
Bremen
68%
Essen
62%
Leipzig
62%
Düsseldorf
60%
Dortmund
58%
Dresden
58%
Hanover
47%
Nuremberg
47%
Augsburg
43%
Duisburg
42%
Karlsruhe
38%
Bochum
36%
Mannheim
36%
Münster
36%
Bonn
34%
Bielefeld
30%
Wuppertal
26%
Wiesbaden
25%
Gelsenkirchen
23%
No matching quizzes found
Score Distribution
Percent of People with Each Score
Percentile by Number Answered
Your Score History
You have not taken this quiz